000 00528nam a2200193Ia 4500
005 20250326144345.0
008 250326s9999 xx 000 0 und d
037 _aTextbook
040 _aFMSL
_beng
_cFMSL
041 _aeng
_2eng
084 _aX:87oaR4 P8
_qFMSL
100 _aFlynn G
_9741013
245 0 _aLeadership and business ethics
_cFlynn G
260 _aUSA
_bUSA, Springer
_c2008
365 _b6860.5680000000002
650 _aLeadership
942 _cTB
_hX:87oaR4 P8
999 _c1303421
_d1303421